5HLuxD.jpg

KING HENRY VIII SENIOR AND PRIMARY SCHOOL LIBRARY OPAC

Tiger's curse / (Record no. 2)

000 -LEADER
fixed length control field 01641cam a2200469Ia 4500
001 - CONTROL NUMBER
control field 768168731
003 - CONTROL NUMBER IDENTIFIER
control field OCoLC
005 - DATE AND TIME OF LATEST TRANSACTION
control field 20190726081642.0
008 - FIXED-LENGTH DATA ELEMENTS--GENERAL INFORMATION
fixed length control field 111211s2012 nyu d 000 f eng d
020 ## - INTERNATIONAL STANDARD BOOK NUMBER
International Standard Book Number 9781454902492
020 ## - INTERNATIONAL STANDARD BOOK NUMBER
International Standard Book Number 1454902493
035 ## - SYSTEM CONTROL NUMBER
System control number (OCoLC)768168731
040 ## - CATALOGING SOURCE
Original cataloging agency BTCTA
Language of cataloging eng
Transcribing agency BTCTA
Modifying agency BDX
-- NYP
049 ## - LOCAL HOLDINGS (OCLC)
Holding library NYPP
091 ## - MICROFILM SHELF LOCATION (AM) [OBSOLETE]
Microfilm shelf location FIC
100 1# - MAIN ENTRY--PERSONAL NAME
Personal name Houck, Colleen.
245 10 - TITLE STATEMENT
Title Tiger's curse /
Statement of responsibility, etc. by Colleen Houck.
260 ## - PUBLICATION, DISTRIBUTION, ETC.
Place of publication, distribution, etc. New York :
Name of publisher, distributor, etc. Splinter,
Date of publication, distribution, etc. [2012?]
300 ## - PHYSICAL DESCRIPTION
Extent 402, [39] p. ;
Dimensions 22 cm.
490 1# - SERIES STATEMENT
Series statement Tiger saga ;
Volume/sequential designation 1.
500 ## - GENERAL NOTE
General note Includes an excerpt of the author's Tiger's quest.
500 ## - GENERAL NOTE
General note Includes a discussion guide.
520 ## - SUMMARY, ETC.
Summary, etc. Seventeen-year-old Oregon teenager Kelsey forms a bond with a circus tiger who is actually one of two brothers, Indian princes Ren and Kishan, who were cursed to live as tigers for eternity, and she travels with him to India where the tiger's curse may be broken once and for all.
650 #0 - SUBJECT ADDED ENTRY--TOPICAL TERM
Topical term or geographic name entry element Tiger
Form subdivision Juvenile fiction.
650 #0 - SUBJECT ADDED ENTRY--TOPICAL TERM
Topical term or geographic name entry element Blessing and cursing
Form subdivision Juvenile fiction.
650 #0 - SUBJECT ADDED ENTRY--TOPICAL TERM
Topical term or geographic name entry element Immortality
Form subdivision Juvenile fiction.
650 #0 - SUBJECT ADDED ENTRY--TOPICAL TERM
Topical term or geographic name entry element Orphans
Form subdivision Juvenile fiction.
650 #0 - SUBJECT ADDED ENTRY--TOPICAL TERM
Topical term or geographic name entry element Circus
Form subdivision Juvenile fiction.
650 #1 - SUBJECT ADDED ENTRY--TOPICAL TERM
Topical term or geographic name entry element Tiger
Form subdivision Fiction.
650 #1 - SUBJECT ADDED ENTRY--TOPICAL TERM
Topical term or geographic name entry element Blessing and cursing
Form subdivision Fiction.
650 #1 - SUBJECT ADDED ENTRY--TOPICAL TERM
Topical term or geographic name entry element Immortality
Form subdivision Fiction.
650 #1 - SUBJECT ADDED ENTRY--TOPICAL TERM
Topical term or geographic name entry element Orphans
Form subdivision Fiction.
650 #1 - SUBJECT ADDED ENTRY--TOPICAL TERM
Topical term or geographic name entry element Circus
Form subdivision Fiction.
651 #0 - SUBJECT ADDED ENTRY--GEOGRAPHIC NAME
Geographic name India
Form subdivision Juvenile fiction.
651 #1 - SUBJECT ADDED ENTRY--GEOGRAPHIC NAME
Geographic name India
Form subdivision Fiction.
655 #7 - INDEX TERM--GENRE/FORM
Genre/form data or focus term Young adult fiction.
Source of term lcsh.
800 1# - SERIES ADDED ENTRY--PERSONAL NAME
Personal name Houck, Colleen.
Title of a work Tiger's curse series ;
Volume/sequential designation 1.
901 ## - LOCAL DATA ELEMENT A, LDA (RLIN)
a jao
b CWE
c CATBL
901 ## - LOCAL DATA ELEMENT A, LDA (RLIN)
a MARS
942 ## - ADDED ENTRY ELEMENTS (KOHA)
Source of classification or shelving scheme
Koha item type Books - Fiction
946 ## - LOCAL PROCESSING INFORMATION (OCLC)
a m
Holdings
Withdrawn status Lost status Source of classification or shelving scheme Damaged status Not for loan Collection code Permanent Location Current Location Shelving location Date acquired Total Checkouts Full call number Barcode Date last seen Date last checked out Price effective from Koha item type
          Fiction KH8 Senior School Library KH8 Senior School Library Fiction 2019-06-13 2 FIC HOU 3KHSL000101220 2026-01-07 2025-12-26 2019-06-13 Books - Fiction

Powered By KH8 IT Dept